दस्तक ज़िन्दगी की / (Record no. 117658)

MARC details
000 -LEADER
fixed length control field 01058nam a22002537a 4500
005 - DATE AND TIME OF LATEST TRANSACTION
control field 20170124103059.0
010 ## - LIBRARY OF CONGRESS CONTROL NUMBER
LC control number A-462093
020 ## - INTERNATIONAL STANDARD BOOK NUMBER
Terms of availability 40.00
035 ## - SYSTEM CONTROL NUMBER
System control number A-462093
037 ## - SOURCE OF ACQUISITION
Source of stock number/acquisition Cen Lib/Ret
040 ## - CATALOGING SOURCE
Original cataloging agency DPL
Language of cataloging HN
082 ## - DEWEY DECIMAL CLASSIFICATION NUMBER
Classification number 920
Item number अग्रवा
100 ## - MAIN ENTRY--PERSONAL NAME
Personal name अग्रवाल, प्रतिभा
9 (RLIN) 42466
245 ## - TITLE STATEMENT
Title दस्तक ज़िन्दगी की /
Statement of responsibility, etc प्रतिभा अग्रवाल
246 ## - VARYING FORM OF TITLE
Title proper/short title Dastak zindagi ki /
Remainder of title by Pratibha Agrawal
260 ## - PUBLICATION, DISTRIBUTION, ETC. (IMPRINT)
Place of publication, distribution, etc कलकत्ता
Name of publisher, distributor, etc अप्रस्तुत प्रकाशन
Date of publication, distribution, etc 1990
270 ## - ADDRESS
City कलकत्ता
Address 5 बी, ग्रीक चर्च रोड
Postal code 700026
300 ## - PHYSICAL DESCRIPTION
Extent 130पृ. :
Dimensions 20सेमी(सजिल्द)
Other physical details सचित्र
650 ## - SUBJECT ADDED ENTRY--TOPICAL TERM
Topical term or geographic name as entry element हिन्दी साहित्य
9 (RLIN) 76111
650 ## - SUBJECT ADDED ENTRY--TOPICAL TERM
Topical term or geographic name as entry element हिन्दी -- जीवनियाँ
9 (RLIN) 76112
650 ## - SUBJECT ADDED ENTRY--TOPICAL TERM
Topical term or geographic name as entry element Hindi literature
9 (RLIN) 76113
650 ## - SUBJECT ADDED ENTRY--TOPICAL TERM
Topical term or geographic name as entry element Hindi - Biographies
9 (RLIN) 76114
942 ## - ADDED ENTRY ELEMENTS (KOHA)
Source of classification or shelving scheme Dewey Decimal Classification
Koha item type Hindi Books
Classification part 920
Call number suffix अग्रवा
Holdings
Withdrawn status Lost status Damaged status Not for loan Home library Current library Date acquired Source of acquisition Cost, normal purchase price Total Checkouts Full call number Barcode Date last seen Copy number Cost, replacement price Price effective from Koha item type
        Central Library Central Library 07/09/2015 Cen Lib/Ret 40.00   920 अग्रवा A-462093 07/09/2015 1 40.00 07/09/2015 Hindi Books

© Delhi Public Library
Hit Counter
free hit counter